Threatened animals of India / (Record no. 41780)
[ view plain ]
| 000 -LEADER | |
|---|---|
| fixed length control field | 00725nam a22002177a 4500 |
| 005 - DATE AND TIME OF LATEST TRANSACTION | |
| control field | 2010081407187.0 |
| 010 ## - LCCN (DPL NO) | |
| LC control number | ENG-100223 |
| 020 ## - INTERNATIONAL STANDARD BOOK NUMBER | |
| Terms of availability | 150.00 |
| 035 ## - SYSTEM CONTROL NUMBER | |
| System control number | EN-83755 |
| 037 ## - SOURCE OF ACQUISITION | |
| Source of stock number/acquisition | DBAD/PUB |
| 082 ## - DEWEY DECIMAL CLASSIFICATION NUMBER | |
| Classification number | 597.6 |
| 100 ## - MAIN ENTRY--PERSONAL NAME | |
| Personal name | Tikader, B.K. |
| 245 ## - TITLE STATEMENT | |
| Title | Threatened animals of India / |
| Statement of responsibility, etc | by B. K. Tikader |
| 260 ## - PUBLICATION, DISTRIBUTION, ETC. (IMPRINT) | |
| Place of publication, distribution, etc | Calcutta |
| Name of publisher, distributor, etc | Director Zoological Survey of India |
| Date of publication, distribution, etc | 1983 |
| 270 ## - ADDRESS | |
| City | Calcutta |
| Postal code | 700012 |
| 300 ## - PHYSICAL DESCRIPTION | |
| Extent | 307p.: |
| Other physical details | ill. |
| Dimensions | 22 (Hb) |
| 650 ## - SUBJECT ADDED ENTRY--TOPICAL TERM | |
| Topical term or geographic name as entry element | Endangered Species |
| 650 ## - SUBJECT ADDED ENTRY--TOPICAL TERM | |
| Topical term or geographic name as entry element | Rare Animals |
| 942 ## - ADDED ENTRY ELEMENTS (KOHA) | |
| Source of classification or shelving scheme | Dewey Decimal Classification |
| Item type | English Books |
| Classification part | 597.6 |
| Call number suffix | TIK |
| Withdrawn status | Lost status | Not for loan | Collection code | Home library | Current library | Date acquired | Source of acquisition | Cost, normal purchase price | Full call number | Barcode | Copy number | Cost, replacement price | Koha item type |
|---|---|---|---|---|---|---|---|---|---|---|---|---|---|
| Not For Loan | Non-fiction | D.B.Act.Division | D.B.Act.Division | 14/08/2010 | DBAD/PUB | 150.00 | 597.6 TIK | EN-83755 | 1 | 150.00 | English Books |
